000 00408nam a22001577a 4500
999 _c31537
_d31534
003 OSt
005 20190326150535.0
008 190326b ||||| |||| 00| 0 eng d
020 _a9789382716938
040 _aMMU
_beng
_cMMU
_dMMU
245 _aComing Back/
_cSwami Prabhupada
260 _aindia:
_bBhaktivedanta Book Trust,
_c1984.
300 _axxi,145p.;
650 _acoming back
942 _2lcc
_cLOAN LOAN